LIBRARY & INFORMATION CENTRE, KCAET, TAVANUR

ONLINE PUBLIC ACCESS CATALOGUE (OPAC)

India charithrapadangal (Record no. 625)

MARC details
000 -LEADER
fixed length control field 00401cam a2200169ua 4500
041 ## - LANGUAGE CODE
Language code of text/sound track or separate title mal
082 ## - DEWEY DECIMAL CLASSIFICATION NUMBER
Classification number 954.03
Item number HUM/IN
100 ## - MAIN ENTRY--AUTHOR NAME
Personal name Humayun, Kabir .
245 ## - TITLE STATEMENT
Title India charithrapadangal
260 ## - PUBLICATION, DISTRIBUTION, ETC. (IMPRINT)
Place of publication Guruvayur :
Name of publisher Guruvayurappan publications Pvt Ltd ,
Year of publication 1963.
300 ## - PHYSICAL DESCRIPTION
Number of Pages 82 ; .
942 ## - ADDED ENTRY ELEMENTS (KOHA)
Koha item type Books
Holdings
Withdrawn status Lost status Damaged status Home library Current library Date acquired Full call number Accession Number Koha item type
Withdrawn     KAUAET Malayalam University 07/04/2012 954.03 9527 Books
free website counter